000
00343 a2200157 4500
001
154264
040
_c
Escola São Tomás de Aquino
100
_a
BANDEIRA, Manuel
240
1
0
_a
Meus poemas preferidos
_l
por
245
1
0
_a
Meus poemas preferidos
300
_a
205
362
0
_a
2014
440
1
_a
Global
697
_a
Poesia
942
_c
BK
999
_c
154264
_d
154264